Statistiques concernant Petits mots payants au scrabble - J

Cliquez ici pour prendre le quiz!

Statistiques générales

  • Ce quiz a été pris 214 fois
  • Le résultat moyen est 18 sur 68

Statistiques - réponses

Réponse% Correct
je
98%
jeu
87%
jus
82%
jar
80%
jet
80%
joue
77%
jan
63%
jam
59%
jas
55%
joie
55%
jars
49%
jeux
47%
jure
47%
jute
47%
jour
46%
jean
45%
jeté
43%
jeun
41%
jab
39%
jade
39%
jupe
38%
jonc
36%
job
34%
joli
32%
joui
32%
juin
32%
juge
28%
jazz
26%
jury
24%
jais
23%
jeep
23%
joug
23%
jack
22%
jase
22%
jard
20%
java
20%
juif
19%
jerk
17%
jale
16%
jota
11%
junk
11%
judo
10%
jubé
8%
déjà
7%
jaïn
7%
jive
7%
jojo
7%
jump
7%
naja
7%
dojo
6%
jèse
5%
maje
5%
soja
5%
éjet
4%
feuj
4%
jaja
4%
jass
4%
goji
3%
haje
3%
jaco
3%
raja
3%
ajut
2%
puja
2%
hadj
1%
jati
1%
jéze
1%
judd
1%
téju
1%

Distribution des résultats

Percentile par nombre de réponses

% des personnes avec chaque résultat

Votre développement - résultats

Vous n’avez pas pris ce quiz